000 00702nam a2200205 i 4500
001 37266
003 ES-MaACL
005 20230906155533.0
007 t|
008 030220s1983 sp ||||1| spa d
020 _a84-300-9002-9
080 _a946.212"09"
100 1 _aBueno Domínguez, María Luisa.
_932392
245 1 0 _aHistoria de Zamora :
_bZamora en el siglo X /
_cMª Luisa Bueno Domínguez.
260 _aZamora :
_bFundación "Ramós de Castro" para el Estudio y Promoción del Hombre,
_c1983.
300 _a181 p. ;
_c23 cm.
651 4 _aZamora-
_xHistoria.
_9137402
710 2 _aFundación Ramos de Castro para el Estudio y Promoción del Hombre.
_94405
852 4 _aES-MaACL
_jL-5663
999 _c37266
_d37266